000 00379nam a2200169Ia 4500
100 _aMAURUS/J.
650 _aPHILOPSOPHY
942 _cBK
366 _f25
654 _aCOMMUNICATING EFFECTIVELY
245 _aART OF COMMUNATION EFFECTIVELY
260 _bBETTER YOURSELF BOOK
_aBandra
_c1996
082 _a170/MAU
_bMAU
300 _a110
546 _aENGLISH
999 _c35249
_d35249